[Event "7th European Individual Senior Champion."]
[Site "Hockenheim, Germany"]
[Date "2007.06.03"]
[Round "2.75"]
[White "Josting, Friedel"]
[Black "Luebbers, Doris Dr"]
[Result "1-0"]
[WhiteElo "2026"]
[BlackElo "1668"]
[PlyCount "55"]
[EventDate "2007.??.??"]

1. d4 d5 2. Nf3 Nf6 3. e3 g6 4. c4 e6 5. Bd3 b6 6. O-O Bb7 7. b3 Bg7 8. Bb2 O-O
9. Nbd2 Nbd7 10. Rc1 c5 11. Re1 Ne4 12. Qc2 f5 13. dxc5 Ndxc5 14. Bf1 Rc8 15.
b4 Nd7 16. Bxg7 Kxg7 17. Red1 Qf6 18. Qb3 Ne5 19. Nxe5 Qxe5 20. Nf3 Qf6 21.
cxd5 exd5 22. Nd4 Rxc1 23. Rxc1 Rf7 24. Qd1 a6 25. Bd3 Qd6 26. a3 Rc7 27. Rxc7+
Qxc7 28. Ne6+ 1-0

[Event "7th European Individual Senior Champion."]
[Site "Hockenheim, Germany"]
[Date "2007.06.03"]
[Round "2.76"]
[White "Bartle, Georg"]
[Black "Blagonadezhnaya, Ideya"]
[Result "1/2-1/2"]
[WhiteElo "1724"]
[BlackElo "2017"]
[PlyCount "66"]
[EventDate "2007.??.??"]

1. b4 g6 2. Bb2 Nf6 3. c4 Bg7 4. e3 O-O 5. Nf3 c6 6. Be2 d5 7. d4 Ne4 8. Nbd2
f5 9. Qb3 h6 10. O-O Na6 11. a4 Nc7 12. Rfc1 Kh7 13. Rc2 Ne6 14. Ne1 Nxd2 15.
Rxd2 Ng5 16. f3 f4 17. Nc2 Be6 18. Rf1 Qc7 19. c5 Bf5 20. Bd3 Bxd3 21. Qxd3 e5
22. dxe5 Bxe5 23. Bxe5 Qxe5 24. exf4 Qxf4 25. Re2 Rae8 26. Rfe1 Rxe2 27. Qxe2
Kg7 28. Qd3 Qf5 29. Qe2 Qf6 30. Qe3 Qf4 31. Qd3 Qf5 32. Qe2 Qf6 33. Qe3 Qf4
1/2-1/2

[Event "7th European Individual Senior Champion."]
[Site "Hockenheim, Germany"]
[Date "2007.06.03"]
[Round "2.77"]
[White "Lein, Marina"]
[Black "Pfister, Valentina-Rodina"]
[Result "1/2-1/2"]
[WhiteElo "2017"]
[BlackElo "1566"]
[PlyCount "108"]
[EventDate "2007.??.??"]

1. b4 e5 2. Bb2 d6 3. e3 Nf6 4. Be2 Be7 5. c4 a5 6. b5 Nbd7 7. Nc3 b6 8. Nf3
Bb7 9. O-O O-O 10. d4 c6 11. a4 c5 12. dxe5 Nxe5 13. Nd5 Nxf3+ 14. Bxf3 Nxd5
15. Bxd5 Bxd5 16. Qxd5 Bf6 17. Rab1 Rc8 18. Rfd1 Be7 19. Qf3 f6 20. Rd5 Qe8 21.
Rbd1 Qf7 22. e4 Rc7 23. Qe2 h6 24. R1d3 Kh7 25. Rg3 Rd7 26. Qd3 g6 27. Rf3 Qe6
28. h3 Rf7 29. Rg3 Bf8 30. f4 f5 31. exf5 Rxf5 32. Re3 Rxd5 33. cxd5 Qf7 34.
Re6 Bg7 35. Bxg7 Kxg7 36. Qe4 Kh7 37. g4 Qg7 38. Kg2 Qb2+ 39. Kg3 Qc3+ 40. Kh4
Qg7 41. g5 hxg5+ 42. fxg5 Qd4 43. Qxd4 cxd4 44. Re4 d3 45. Rd4 Rc7 46. Kg3 Rc3
47. Kf2 d2 48. Rxd2 Rxh3 49. Rd4 Rh1 50. Kf3 Rf1+ 51. Kg3 Rf5 52. Kg4 Kg7 53.
Rd3 Re5 54. Kf4 Rf5+ 1/2-1/2

[Event "7th European Individual Senior Champion."]
[Site "Hockenheim, Germany"]
[Date "2007.06.03"]
[Round "2.78"]
[White "Rieger, Helmut"]
[Black "Kalkmann, Hans"]
[Result "1/2-1/2"]
[WhiteElo "1660"]
[BlackElo "2004"]
[PlyCount "63"]
[EventDate "2007.??.??"]

1. c4 e6 2. Nc3 f5 3. g3 Nf6 4. Bg2 Bb4 5. Qb3 Bxc3 6. Qxc3 O-O 7. d3 d5 8. Nf3
Nc6 9. Bf4 d4 10. Qd2 Qe7 11. Be5 Nxe5 12. Nxe5 Nd7 13. Nf3 e5 14. O-O c5 15.
e3 e4 16. dxe4 fxe4 17. Ne1 dxe3 18. Qxe3 Nf6 19. Nd3 b6 20. Rae1 Bb7 21. b3
Qf7 22. Ne5 Qe6 23. f4 Rad8 24. Rd1 Rd6 25. Rd2 Rfd8 26. Rfd1 h6 27. Bh3 Qe7
28. Ng6 Qc7 29. Be6+ Kh7 30. Nf8+ Kh8 31. Ng6+ Kh7 32. Nf8+ 1/2-1/2

[Event "7th European Individual Senior Champion."]
[Site "Hockenheim, Germany"]
[Date "2007.06.04"]
[Round "3.1"]
[White "Pushkov, Nikolai"]
[Black "Fronczek, Heinrich"]
[Result "0-1"]
[WhiteElo "2522"]
[BlackElo "2285"]
[PlyCount "96"]
[EventDate "2007.??.??"]

1. d4 Nf6 2. Nf3 c5 3. d5 d6 4. Nc3 e5 5. e4 g6 6. Bb5+ Nbd7 7. a4 Bg7 8. O-O
O-O 9. Re1 h6 10. Nd2 Nh5 11. g3 Ndf6 12. Be2 Bh3 13. Nc4 Qe7 14. Ra3 Rfd8 15.
Nb5 Bc8 16. f3 a6 17. Nc3 Rb8 18. a5 Nd7 19. Be3 f5 20. exf5 gxf5 21. Bf2 Nhf6
22. Na4 e4 23. f4 Nf8 24. Ne3 Ne8 25. Qb1 Bd4 26. c3 Bxe3 27. Bxe3 Nf6 28. c4
Ng4 29. Bxg4 fxg4 30. b4 cxb4 31. Qxb4 Bf5 32. Rb3 h5 33. Ba7 Rbc8 34. Bb6 Rd7
35. Bd4 Rdc7 36. Nb6 Rd8 37. Bb2 Ng6 38. Qc3 h4 39. Qd4 Rf8 40. Ba3 Qf6 41.
Qxf6 Rxf6 42. Rd1 hxg3 43. hxg3 Rh7 44. Bb2 Rff7 45. Rd2 Rh3 46. Rc3 Rfh7 47.
Rg2 e3 48. Rxe3 Nxf4 0-1

[Event "7th European Individual Senior Champion."]
[Site "Hockenheim, Germany"]
[Date "2007.06.04"]
[Round "3.2"]
[White "Neese, Hans-Joachim"]
[Black "Farago, Ivan"]
[Result "0-1"]
[WhiteElo "2287"]
[BlackElo "2501"]
[PlyCount "92"]
[EventDate "2007.??.??"]

1. d4 e6 2. c4 Nf6 3. Nf3 b6 4. a3 Ba6 5. Qc2 Bb7 6. Nc3 c5 7. e4 cxd4 8. Nxd4
Bc5 9. Nb3 Nc6 10. Nxc5 bxc5 11. Be3 Qe7 12. f3 d5 13. Bg5 Nd4 14. Qf2 h6 15.
Bxf6 Qxf6 16. cxd5 exd5 17. Bd3 O-O 18. O-O c4 19. Be2 Nxe2+ 20. Qxe2 d4 21.
Nd1 Ba6 22. Re1 Rac8 23. Qf2 Rfd8 24. Rc1 Qf4 25. Rc2 c3 26. bxc3 Bd3 27. g3
Qd6 28. Rc1 Qxa3 29. Qd2 Ba6 30. Rc2 Qc5 31. Qf2 d3 32. Rd2 Qc7 33. Ra2 Qc6 34.
Qd2 Bc4 35. Rb2 a5 36. Ne3 a4 37. Nf5 Qc5+ 38. Qf2 d2 39. Rd1 a3 40. Rbxd2
Qxf2+ 41. Kxf2 Rxd2+ 42. Rxd2 Rb8 43. Rd7 a2 44. Ra7 Rb1 45. Ne3 Bb3 46. Nc2 Rb2 0-1

[Event "7th European Individual Senior Champion."]
[Site "Hockenheim, Germany"]
[Date "2007.06.04"]
[Round "3.3"]
[White "Jansa, Vlastimil"]
[Black "Schippan, Bernd"]
[Result "1-0"]
[WhiteElo "2499"]
[BlackElo "2266"]
[PlyCount "67"]
[EventDate "2007.??.??"]

1. e4 e5 2. Nf3 Nc6 3. Bb5 a6 4. Ba4 f5 5. d4 exd4 6. e5 Bc5 7. O-O Nge7 8. Bb3
d5 9. exd6 Qxd6 10. Re1 h6 11. Nbd2 b5 12. a4 Rb8 13. axb5 axb5 14. Nf1 g5 15.
c3 dxc3 16. Qc2 Qf6 17. bxc3 g4 18. Nd4 Nxd4 19. cxd4 Bd6 20. Bb2 Rh7 21. Bg8
Rg7 22. d5 Qg5 23. Bxg7 Qxg7 24. Be6 Bxe6 25. dxe6 Qf6 26. Ra7 Kf8 27. Qa2 Kg7
28. Ng3 Kg6 29. Ra8 Rb6 30. Rd8 h5 31. Qa8 Qc3 32. Re3 Qc1+ 33. Nf1 Qb2 34. Rh8 1-0

[Event "7th European Individual Senior Champion."]
[Site "Hockenheim, Germany"]
[Date "2007.06.04"]
[Round "3.4"]
[White "Rosen, Willy"]
[Black "Rashkovsky, Nukhim N"]
[Result "1/2-1/2"]
[WhiteElo "2279"]
[BlackElo "2496"]
[PlyCount "68"]
[EventDate "2007.??.??"]

1. e4 c5 2. Nf3 d6 3. d4 cxd4 4. Nxd4 Nf6 5. Nc3 a6 6. Be3 e5 7. Nb3 Be7 8. f3
Be6 9. Qd2 h5 10. O-O-O Nbd7 11. Qf2 Rc8 12. Nd5 Nxd5 13. exd5 Bf5 14. Bd3 Bxd3
15. Rxd3 f5 16. Kb1 O-O 17. f4 g6 18. Rc1 Bf6 19. g3 b6 20. c4 Nc5 21. Nxc5
bxc5 22. Ra3 Rb8 23. Rc2 Qb6 24. Rb3 Qa5 25. Rxb8 Rxb8 26. fxe5 Bxe5 27. Bf4
Re8 28. Bxe5 Rxe5 29. Re2 Qd8 30. b3 Qe8 31. Rxe5 Qxe5 32. Qf4 Kf7 33. h4 Qe1+ 34. Kb2 Ke7 1/2-1/2

[Event "7th European Individual Senior Champion."]
[Site "Hockenheim, Germany"]
[Date "2007.06.04"]
[Round "3.5"]
[White "Ivanets, Vladimir"]
[Black "Klovans, Janis"]
[Result "0-1"]
[WhiteElo "2261"]
[BlackElo "2441"]
[PlyCount "102"]
[EventDate "2007.??.??"]

1. b4 d5 2. e3 Nf6 3. c4 e6 4. a3 dxc4 5. Bxc4 c5 6. bxc5 Bxc5 7. Nf3 O-O 8.
Nc3 b6 9. O-O Bb7 10. d4 Be7 11. Qe2 Nc6 12. Ba6 Qc8 13. Bxb7 Qxb7 14. e4 Na5
15. Bb2 Rac8 16. d5 exd5 17. Nxd5 Nxd5 18. exd5 Nc4 19. Rad1 Rfd8 20. Rfe1 Bf8
21. h3 Nxb2 22. Qxb2 Rxd5 23. Rxd5 Qxd5 24. a4 h6 25. Qb5 Qxb5 26. axb5 Rc5 27.
Rb1 Rc2 28. Nd4 Ra2 29. Nb3 Ra4 30. Kf1 Rb4 31. Nd2 Rxb1+ 32. Nxb1 Bb4 33. Ke2
Kf8 34. Kd3 Ke7 35. Kc4 Be1 36. f3 Kd6 37. Na3 Ke5 38. Nc2 Bf2 39. Nb4 Kf4 40.
Nc6 Kg3 41. Nxa7 Kxg2 42. Kd5 Kxh3 43. Nc8 h5 44. Kc6 h4 45. Nxb6 Kg2 46. Nd5
h3 47. Nf4+ Kg3 48. Nxh3 Kxh3 49. Kd7 Kg3 50. Ke7 Kxf3 51. Kxf7 g5 0-1

[Event "7th European Individual Senior Champion."]
[Site "Hockenheim, Germany"]
[Date "2007.06.04"]
[Round "3.6"]
[White "Sorensen, Bent"]
[Black "Murey, Jacob"]
[Result "0-1"]
[WhiteElo "2258"]
[BlackElo "2433"]
[PlyCount "68"]
[EventDate "2007.??.??"]

1. Nf3 f5 2. d4 Nf6 3. g3 b6 4. Bg2 Bb7 5. O-O g6 6. b3 Bg7 7. Bb2 O-O 8. c4 e6
9. Nc3 Ne4 10. e3 Nxc3 11. Bxc3 d6 12. Qc2 Be4 13. Qb2 Nd7 14. Ne1 Nf6 15. f3
Bb7 16. Nd3 g5 17. Rae1 Qe8 18. Qe2 Qg6 19. Bb2 Rae8 20. Rf2 h5 21. c5 Ba6 22.
Qd2 Nd5 23. cxd6 cxd6 24. Ba3 f4 25. e4 Bxd4 26. Bxd6 Be3 27. Qd1 Bxf2+ 28.
Nxf2 Ne3 29. Qd2 Rd8 30. e5 Bb7 31. Rxe3 fxe3 32. Qxe3 Qb1+ 33. Bf1 Rf5 34. g4 Ba6 0-1

[Event "7th European Individual Senior Champion."]
[Site "Hockenheim, Germany"]
[Date "2007.06.04"]
[Round "3.8"]
[White "Rotstein, Efim"]
[Black "Fomina, Tatyana"]
[Result "1-0"]
[WhiteElo "2371"]
[BlackElo "2231"]
[PlyCount "51"]
[EventDate "2007.??.??"]

1. d4 d5 2. Nf3 Nc6 3. Bf4 Bg4 4. e3 e6 5. c4 Bb4+ 6. Nc3 Nf6 7. h3 Bxf3 8.
Qxf3 Ne4 9. Rc1 Ne7 10. Bd3 f5 11. cxd5 exd5 12. Qh5+ g6 13. Qh6 Kd7 14. Be5
Rg8 15. O-O Bd6 16. Bxe4 fxe4 17. Bxd6 cxd6 18. Qxh7 Qa5 19. b4 Qd8 20. Nxd5
Ke6 21. Nc7+ Kf6 22. f3 Rh8 23. fxe4+ Nf5 24. Nd5+ Kg5 25. Rxf5+ gxf5 26. Qg7+ 1-0

[Event "7th European Individual Senior Champion."]
[Site "Hockenheim, Germany"]
[Date "2007.06.04"]
[Round "3.9"]
[White "Khanukov, Boris"]
[Black "Krieger, Hermann"]
[Result "1-0"]
[WhiteElo "2358"]
[BlackElo "2223"]
[PlyCount "121"]
[EventDate "2007.??.??"]

1. d4 f5 2. c4 g6 3. g3 Nf6 4. Bg2 Bg7 5. Nh3 O-O 6. O-O d6 7. d5 Na6 8. Nc3
Nc5 9. Nf4 e5 10. dxe6 c6 11. Be3 Nxe6 12. Nxe6 Bxe6 13. Qd3 Ng4 14. b3 Nxe3
15. Qxe3 Re8 16. Qd2 Qa5 17. Rac1 Rad8 18. Rfd1 Bf7 19. e3 h6 20. h4 Rd7 21.
Ne2 Qe5 22. Qd4 Qa5 23. Qd2 Qe5 24. b4 g5 25. hxg5 hxg5 26. Nd4 d5 27. Nb3 Rdd8
28. c5 Bh5 29. Re1 Re6 30. a4 Rh6 31. b5 Qc7 32. Nd4 Qf7 33. Nc2 Qc7 34. Qb4
Be5 35. f4 gxf4 36. exf4 Bg7 37. Nd4 Bxd4+ 38. Qxd4 Rg6 39. Kf2 Qg7 40. Qxg7+
Rxg7 41. Re5 Bg4 42. Rce1 Rgd7 43. Ke3 Kf7 44. Rh1 Kg7 45. Kd4 a6 46. bxc6 bxc6
47. Re6 Rb7 48. Reh6 Rb4+ 49. Ke5 Re8+ 50. Kd6 Rb2 51. Rh7+ Kg8 52. Bf1 Bf3 53.
Rh8+ Kf7 54. R1h7+ Kg6 55. Rh6+ Kg7 56. R8h7+ Kg8 57. Bxa6 Re4 58. Bc8 d4 59.
Be6+ Rxe6+ 60. Kxe6 Bd5+ 61. Kf6 1-0

[Event "7th European Individual Senior Champion."]
[Site "Hockenheim, Germany"]
[Date "2007.06.04"]
[Round "3.11"]
[White "Khroulkov, German"]
[Black "Bakhmatov, Eduard"]
[Result "1/2-1/2"]
[WhiteElo "2215"]
[BlackElo "2351"]
[PlyCount "29"]
[EventDate "2007.??.??"]

1. d4 Nf6 2. c4 c5 3. dxc5 Na6 4. Nc3 Nxc5 5. Nf3 g6 6. g3 b6 7. Bg2 Bb7 8. b3
Bg7 9. Bb2 O-O 10. O-O d5 11. Nxd5 Nxd5 12. Bxg7 Kxg7 13. cxd5 Qxd5 14. Qxd5
Bxd5 15. Rfd1 1/2-1/2

[Event "7th European Individual Senior Champion."]
[Site "Hockenheim, Germany"]
[Date "2007.06.04"]
[Round "3.12"]
[White "Jadrijevic, Ante"]
[Black "Gruzmann, Boris"]
[Result "0-1"]
[WhiteElo "2213"]
[BlackElo "2309"]
[PlyCount "90"]
[EventDate "2007.??.??"]

1. d4 Nf6 2. c3 d6 3. Bg5 Nbd7 4. Nd2 h6 5. Bh4 g5 6. Bg3 Nh5 7. e3 Nxg3 8.
hxg3 Bg7 9. Bd3 c5 10. g4 cxd4 11. cxd4 Nf6 12. f3 d5 13. Ne2 Qd6 14. Kf2 Bxg4
15. fxg4 Nxg4+ 16. Kg1 Nxe3 17. Qa4+ Kf8 18. Rc1 Bf6 19. Rh3 Qe6 20. Nf1 Nxf1
21. Kxf1 g4 22. Rh5 Bg5 23. Rc3 Kg7 24. Qd1 f5 25. Ng3 Rhf8 26. Qe2 Qxe2+ 27.
Kxe2 e6 28. Rh1 Rf7 29. Nh5+ Kg6 30. g3 Rd8 31. Kf2 Re7 32. Nf4+ Kf6 33. Rhc1
Rh8 34. Rc8 Rxc8 35. Rxc8 Kf7 36. Bb5 Bf6 37. Ke3 Bxd4+ 38. Kxd4 e5+ 39. Kxd5
exf4 40. gxf4 Re4 41. Rc4 Re1 42. Rc7+ Kf6 43. Rxb7 g3 44. Rxa7 g2 45. Ra6+ Kf7
0-1

[Event "7th European Individual Senior Champion."]
[Site "Hockenheim, Germany"]
[Date "2007.06.04"]
[Round "3.13"]
[White "Ljubarskij, Jurij"]
[Black "Jaenig, Reinhard"]
[Result "0-1"]
[WhiteElo "2301"]
[BlackElo "2176"]
[PlyCount "86"]
[EventDate "2007.??.??"]

1. e4 c5 2. Nf3 e6 3. d4 cxd4 4. Nxd4 a6 5. c4 Nf6 6. Nc3 Qc7 7. Bd3 g6 8. O-O
Bg7 9. Be3 O-O 10. f4 d6 11. h3 Nbd7 12. Qe1 b6 13. Rd1 Bb7 14. Nb3 Rfe8 15.
Qf2 Bc6 16. Bb1 b5 17. e5 dxe5 18. fxe5 Qxe5 19. Bf4 Qh5 20. Bd3 g5 21. Be2 Qg6
22. Bd3 Qh5 23. Bh2 g4 24. Be2 Ne5 25. Nd4 Ne4 26. Qf4 Nxc3 27. bxc3 Rf8 28.
hxg4 Qg6 29. Nxc6 Nxc6 30. Bd3 Qh6 31. g5 Qh5 32. Rde1 Bxc3 33. Rf3 f5 34. Rh3
Qf7 35. Qd6 Bxe1 36. Qxc6 Bc3 37. cxb5 Rac8 38. Qxa6 Bd4+ 39. Kf1 Ra8 40. Qd6
Rfd8 41. Qc6 Rdc8 42. Qd6 Rxa2 43. Bc4 Rxc4 0-1

[Event "7th European Individual Senior Champion."]
[Site "Hockenheim, Germany"]
[Date "2007.06.04"]
[Round "3.14"]
[White "Fahnenschmidt, Gerhard Dr"]
[Black "Werner, Clemens"]
[Result "0-1"]
[WhiteElo "2134"]
[BlackElo "2295"]
[PlyCount "94"]
[EventDate "2007.??.??"]

1. d4 Nf6 2. Nf3 g6 3. Bg5 Bg7 4. Nbd2 c5 5. e3 d6 6. Be2 O-O 7. O-O b6 8. c3
Bb7 9. b4 Nbd7 10. a4 Rc8 11. Qb3 cxd4 12. cxd4 a6 13. b5 a5 14. Rac1 h6 15.
Bh4 Re8 16. e4 g5 17. Bg3 Nxe4 18. Nxe4 Bxe4 19. Bc4 Rf8 20. Rfe1 Nf6 21. Ne5
dxe5 22. dxe5 Nd7 23. Rxe4 Nc5 24. Qc2 Nxe4 25. Qxe4 Qd2 26. Rf1 Rfd8 27. h4
Qd4 28. Bxf7+ Kxf7 29. Qf5+ Kg8 30. hxg5 Qd5 31. gxh6 Bxh6 32. Qg6+ Bg7 33. e6
Rf8 34. Re1 Qf5 35. Qxf5 Rxf5 36. f4 Bd4+ 37. Kf1 Rc3 38. Re4 Rxg3 39. Rxd4 Rg4
40. g3 Rxg3 41. Kf2 Ra3 42. Ke2 Kg7 43. Rc4 Kf6 44. Rc6 Rxf4 45. Rxb6 Rh4 46.
Rc6 Rh2+ 47. Kd1 Rg3 0-1

[Event "7th European Individual Senior Champion."]
[Site "Hockenheim, Germany"]
[Date "2007.06.04"]
[Round "3.15"]
[White "Tseitlin, Mark D"]
[Black "Ziltener Werner"]
[Result "1-0"]
[WhiteElo "2491"]
[BlackElo "2075"]
[PlyCount "83"]
[EventDate "2007.??.??"]

1. e4 e5 2. Nf3 Nc6 3. Bb5 Nf6 4. d3 Bc5 5. O-O Nd4 6. Nxd4 Bxd4 7. c3 Bb6 8.
d4 O-O 9. Bd3 d6 10. a4 a5 11. dxe5 dxe5 12. Na3 Be6 13. Qe2 h6 14. Nc4 Bxc4
15. Bxc4 Qe7 16. Bd2 Rfd8 17. Rad1 Rd7 18. Bc1 Rad8 19. Rd3 Rxd3 20. Bxd3 Qd7
21. Bc2 Qc6 22. g3 Nh7 23. Kg2 Ng5 24. h4 Ne6 25. Qb5 Qxb5 26. axb5 c6 27. bxc6
bxc6 28. f4 exf4 29. gxf4 Nc5 30. Be3 Nd7 31. Kf3 Bxe3 32. Kxe3 Nb6 33. b3 a4
34. Ra1 axb3 35. Bxb3 Rd7 36. Ra6 Rb7 37. Ba2 c5 38. Bd5 Nxd5+ 39. exd5 Kf8 40.
Kd3 Ke7 41. Kc4 Rc7 42. d6+ 1-0

[Event "7th European Individual Senior Champion."]
[Site "Hockenheim, Germany"]
[Date "2007.06.04"]
[Round "3.16"]
[White "Striebich, Rudolf"]
[Black "Fradkin, Boris"]
[Result "0-1"]
[WhiteElo "2187"]
[BlackElo "2465"]
[PlyCount "81"]
[EventDate "2007.??.??"]

1. g3 Nf6 2. Bg2 e5 3. c4 c6 4. d3 h6 5. Nf3 Bb4+ 6. Bd2 Bxd2+ 7. Nbxd2 Qe7 8.
O-O O-O 9. Qc2 d5 10. e4 dxe4 11. dxe4 Nbd7 12. Rfe1 a5 13. b3 Nc5 14. Qc3 Re8
15. h3 b6 16. Rad1 Ncd7 17. Nh4 g6 18. Qe3 Kh7 19. Nb1 a4 20. Qc3 axb3 21. axb3
b5 22. b4 bxc4 23. Qxc4 Rb8 24. Qxc6 Rxb4 25. Nc3 Bb7 26. Qd6 Qxd6 27. Rxd6 Rd4
28. Nb5 Rb4 29. Nc7 Rc8 30. Nd5 Bxd5 31. exd5 Rc2 32. Nf3 Rbb2 33. Nxe5 Rxf2
34. Bh1 Nxe5 35. Rxe5 Kg7 36. g4 Rfd2 37. Re1 Rb3 38. Kf1 Rxh3 39. Kg1 Nxg4 40.
Re7 Rg3+ 41. Kf1 0-1

[Event "7th European Individual Senior Champion."]
[Site "Hockenheim, Germany"]
[Date "2007.06.04"]
[Round "3.18"]
[White "Siegmund, Rainer"]
[Black "Uhlmann, Wolfgang"]
[Result "0-1"]
[WhiteElo "2179"]
[BlackElo "2419"]
[PlyCount "74"]
[EventDate "2007.??.??"]

1. d4 Nf6 2. c4 d6 3. Nc3 Nbd7 4. e4 e5 5. Nf3 g6 6. Be2 Bg7 7. O-O c6 8. Re1
O-O 9. Bf1 a6 10. d5 c5 11. a3 Ne8 12. Rb1 h6 13. Nd2 f5 14. Be2 Nef6 15. f3 h5
16. exf5 gxf5 17. Bd3 Nh7 18. Qc2 Qf6 19. Nf1 e4 20. fxe4 Ne5 21. Ng3 Qh4 22.
Bd2 Ng4 23. Nf1 Bd4+ 24. Be3 Bxe3+ 25. Rxe3 Nxe3 26. Nxe3 f4 27. Nf5 Bxf5 28.
exf5 Rae8 29. Ne4 Nf6 30. Nxd6 Re1+ 31. Rxe1 Qxe1+ 32. Bf1 Qe5 33. Nxb7 Qc7 34.
Qf2 Qxb7 35. Qxf4 Qxb2 36. Qg5+ Kh8 37. Qh6+ Nh7 0-1

[Event "7th European Individual Senior Champion."]
[Site "Hockenheim, Germany"]
[Date "2007.06.04"]
[Round "3.21"]
[White "Loktiev, Ivan"]
[Black "Amrehn, Fred"]
[Result "1-0"]
[WhiteElo "2350"]
[BlackElo "2185"]
[PlyCount "115"]
[EventDate "2007.??.??"]

1. d4 d5 2. Nf3 Nf6 3. g3 g6 4. Bg2 Bg7 5. c4 dxc4 6. Qa4+ Qd7 7. Qxc4 Qc6 8.
Na3 Qxc4 9. Nxc4 O-O 10. O-O Nbd7 11. b4 Nb6 12. Na5 Nbd5 13. Ba3 Nc3 14. e3
Nb5 15. Bb2 Nd7 16. Rfc1 c6 17. a4 Nd6 18. Bf1 a6 19. Nc4 Nxc4 20. Bxc4 Nb6 21.
Bb3 Bg4 22. Kg2 Bxf3+ 23. Kxf3 Rfd8 24. b5 axb5 25. axb5 Rxa1 26. Bxa1 cxb5 27.
Rc5 Nc8 28. Rxb5 Nd6 29. Rb6 Ra8 30. Bc3 Ra6 31. Rb4 Rc6 32. Bb2 b5 33. e4 Nc4
34. d5 Rc5 35. Bxc4 Bxb2 36. Rxb2 bxc4 37. Ke3 e5 38. dxe6 fxe6 39. Kd4 Rc7 40.
Rc2 Ra7 41. f4 Kf7 42. Rxc4 Ra2 43. Rc7+ Kg8 44. Ke5 Ra6 45. Re7 h5 46. Rxe6
Ra5+ 47. Kf6 Kh7 48. e5 h4 49. Kg5 hxg3 50. hxg3 Ra3 51. Re7+ Kg8 52. Kxg6
Rxg3+ 53. Kf6 Rf3 54. f5 Ra3 55. Rg7+ Kh8 56. e6 Ra5 57. Rg1 Ra6 58. Kf7 1-0

[Event "7th European Individual Senior Champion."]
[Site "Hockenheim, Germany"]
[Date "2007.06.04"]
[Round "3.22"]
[White "Kaminik, Aleksandar"]
[Black "Bounianer, Wladimir"]
[Result "1-0"]
[WhiteElo "2314"]
[BlackElo "2183"]
[PlyCount "49"]
[EventDate "2007.??.??"]

1. d4 d5 2. c4 c6 3. Nf3 Bf5 4. Nc3 e6 5. Bf4 Nf6 6. e3 Be7 7. Ne5 Nbd7 8. cxd5
exd5 9. g4 Be6 10. h3 h5 11. g5 Ne4 12. h4 Qa5 13. Qb3 Bb4 14. Rc1 Ndc5 15.
dxc5 d4 16. Bc4 dxc3 17. Bxe6 cxb2+ 18. Ke2 bxc1=N+ 19. Rxc1 O-O 20. Bxf7+ Kh8
21. Qd3 Rxf7 22. Nxf7+ Kg8 23. Nh6+ gxh6 24. Qxe4 Qxa2+ 25. Rc2 {
Notation unleserlich (1-0, 32)} 1-0

[Event "7th European Individual Senior Champion."]
[Site "Hockenheim, Germany"]
[Date "2007.06.04"]
[Round "3.23"]
[White "Fatalibekova, Elena"]
[Black "Stull, Norbert"]
[Result "0-1"]
[WhiteElo "2273"]
[BlackElo "2144"]
[PlyCount "114"]
[EventDate "2007.??.??"]

1. e4 c5 2. Nf3 e6 3. c3 Nf6 4. e5 Nd5 5. d4 cxd4 6. cxd4 b6 7. Nc3 Nxc3 8.
bxc3 Qc7 9. Bd2 Be7 10. Bd3 Ba6 11. Bxa6 Nxa6 12. O-O O-O 13. Qe2 Nb8 14. c4 d6
15. Rac1 Nd7 16. Bb4 Rfe8 17. Qe4 Rac8 18. exd6 Bxd6 19. Bxd6 Qxd6 20. Rfd1 Qc6
21. Qb1 e5 22. d5 Qh6 23. Qf5 Qd6 24. Ng5 Nf6 25. Re1 g6 26. Qh3 Kg7 27. Qh4 h6
28. Ne4 Nxe4 29. Qxe4 f5 30. Qe3 Rc7 31. g3 e4 32. Qd4+ Qf6 33. Qxf6+ Kxf6 34.
f3 Rce7 35. fxe4 Rxe4 36. Rxe4 Rxe4 37. Kf2 Ke5 38. Re1 Rxe1 39. Kxe1 b5 40.
cxb5 Kxd5 41. Kd2 Kc4 42. Ke3 Kxb5 43. Kf4 a5 44. h4 Kb4 45. h5 gxh5 46. Kxf5
Ka3 47. Kg6 Kxa2 48. Kxh5 a4 49. Kxh6 a3 50. g4 Kb3 51. g5 a2 52. g6 a1=Q 53.
g7 Qh1+ 54. Kg6 Qe4+ 55. Kf7 Qf5+ 56. Ke7 Qg6 57. Kf8 Qf6+ 0-1

[Event "7th European Individual Senior Champion."]
[Site "Hockenheim, Germany"]
[Date "2007.06.04"]
[Round "3.24"]
[White "Ljuboschitz, Alexander"]
[Black "Rahn, Oskar"]
[Result "1/2-1/2"]
[WhiteElo "2234"]
[BlackElo "2122"]
[PlyCount "71"]
[EventDate "2007.??.??"]

1. e4 d5 2. exd5 Nf6 3. Bb5+ Bd7 4. Be2 Nxd5 5. d4 Bf5 6. Nf3 e6 7. O-O Be7 8.
a3 Nd7 9. c4 N5b6 10. Nc3 O-O 11. c5 Nc8 12. Bf4 a6 13. b4 Bf6 14. h3 h6 15.
Qb3 c6 16. a4 Ne7 17. Bd6 Re8 18. b5 axb5 19. axb5 Nd5 20. bxc6 bxc6 21. Ba6
Nxc3 22. Qxc3 Be4 23. Bb7 Rxa1 24. Rxa1 Nf8 25. Ne5 Bxe5 26. Bxe5 Ng6 27. f3
Bd5 28. Ra8 Qd7 29. Rxe8+ Qxe8 30. Bg3 Qe7 31. Ba6 Qg5 32. Kh2 h5 33. Bc4 h4
34. Bd6 Nf4 35. Bxf4 Qxf4+ 36. Kh1 1/2-1/2

[Event "7th European Individual Senior Champion."]
[Site "Hockenheim, Germany"]
[Date "2007.06.04"]
[Round "3.25"]
[White "Zhelesny, Stanislav"]
[Black "Skara, Milenko"]
[Result "1/2-1/2"]
[WhiteElo "2222"]
[BlackElo "2092"]
[PlyCount "32"]
[EventDate "2007.??.??"]

1. Nf3 Nf6 2. g3 g6 3. Bg2 Bg7 4. O-O O-O 5. d4 d6 6. c4 a6 7. Nc3 Nc6 8. b3
Rb8 9. Bg5 b5 10. cxb5 axb5 11. Rc1 Na5 12. b4 Nc4 13. Nxb5 Rxb5 14. Bxf6 Bxf6
15. Qa4 Rb6 16. Rxc4 Ra6 1/2-1/2

[Event "7th European Individual Senior Champion."]
[Site "Hockenheim, Germany"]
[Date "2007.06.04"]
[Round "3.28"]
[White "Taksrud, Vidar"]
[Black "Onoprienko, Vladimir"]
[Result "1-0"]
[WhiteElo "2099"]
[BlackElo "2342"]
[PlyCount "103"]
[EventDate "2007.??.??"]

1. d4 c5 2. Nf3 cxd4 3. Nxd4 g6 4. g3 Bg7 5. Bg2 Nc6 6. Nxc6 bxc6 7. O-O Nf6 8.
c4 O-O 9. Nc3 Rb8 10. Qc2 Qa5 11. Bf4 d6 12. Rac1 Qh5 13. b3 Bh3 14. Bf3 Qa5
15. Rfd1 Rbc8 16. Qd2 Rfe8 17. Ne4 Qxd2 18. Rxd2 Nxe4 19. Bxe4 h5 20. Bg2 Be6
21. e4 c5 22. Be3 Bd7 23. f4 Bc6 24. Rcd1 Rc7 25. h3 a5 26. e5 Bxg2 27. Kxg2
dxe5 28. Rd5 exf4 29. Bxc5 fxg3 30. Bb6 Rc6 31. Bxa5 h4 32. c5 Re6 33. Re1 Ra8
34. Rxe6 Rxa5 35. Re2 e6 36. b4 Ra8 37. Rd7 Bf8 38. c6 Bxb4 39. c7 Ba5 40. Red2
Bxc7 41. Rxc7 Ra5 42. Rc4 g5 43. a4 Kg7 44. Rb2 f5 45. Rb5 Ra6 46. a5 Kf6 47.
Ra4 Rd6 48. Rb2 Rd3 49. a6 f4 50. Ra1 f3+ 51. Kg1 g4 52. a7 1-0

[Event "7th European Individual Senior Champion."]
[Site "Hockenheim, Germany"]
[Date "2007.06.04"]
[Round "3.30"]
[White "Karl, Hans"]
[Black "Davydov, Mikhail"]
[Result "1-0"]
[WhiteElo "2251"]
[BlackElo "2082"]
[PlyCount "115"]
[EventDate "2007.??.??"]

1. d4 Nf6 2. c4 g6 3. Nc3 d5 4. Bg5 Ne4 5. Bh4 Nxc3 6. bxc3 Bg7 7. e3 c6 8. Nf3
Nd7 9. Qb3 Qb6 10. cxd5 Qxb3 11. axb3 cxd5 12. Bb5 f6 13. Ra5 e6 14. Kd2 Ke7
15. Rha1 a6 16. Bd3 Rd8 17. Bg3 Nb8 18. b4 Rd7 19. R5a2 b6 20. Bxb8 Rxb8 21.
Bxa6 Rc7 22. Bxc8 Rbxc8 23. Ra7 e5 24. R1a6 e4 25. Ne1 f5 26. Nc2 Kd7 27. Rxc7+
Rxc7 28. Rxb6 Bf8 29. Ra6 Bd6 30. g3 g5 31. Na1 h5 32. Nb3 h4 33. Nc5+ Ke7 34.
Ra8 hxg3 35. hxg3 f4 36. gxf4 gxf4 37. Rh8 f3 38. Rh7+ Ke8 39. Rxc7 Bxc7 40.
Na6 Bd8 41. Nb8 Bh4 42. Ke1 Kd8 43. Nc6+ Kc7 44. Ne5 Be7 45. Ng6 Bd6 46. Nf4
Kc6 47. Kd2 Bb8 48. b5+ Kd6 49. c4 dxc4 50. Kc3 Kd7 51. Nh3 Ke6 52. Kxc4 Kf5
53. b6 Kg4 54. Ng1 Bh2 55. b7 Kf5 56. Kd5 Bb8 57. Kc6 Ke6 58. Nh3 1-0